Statistics for Atlético Madrid 2019/2020 Squad

Click here to take the quiz!

General Stats

  • This quiz has been taken 83 times
    (63 since last reset)
  • The average score is 17 of 23

Answer Stats

No.Answer% Correct
7Portugal (FW)João Félix
96%
13Slovenia (GK)Jan Oblak
96%
-Argentina (MAN)Diego Simeone
90%
15Montenegro (DF)Stefan Savić
90%
6Spain (MF)Koke
90%
2Uruguay (DF)José Giménez
88%
23England (DF)Kieran Trippier
88%
8Spain (MF)Saúl
88%
12Brazil (DF)Renan Lodi
86%
10Argentina (FW)Ángel Correa
86%
5Ghana (MF)Thomas Partey
82%
16Mexico (MF)Héctor Herrera
80%
11France (MF)Thomas Lemar
78%
1Spain (GK)Antonio Adán
78%
9Spain (FW)Álvaro Morata
78%
19Spain (FW)Diego Costa
75%
14Spain (MF)Marcos Llorente
71%
18Brazil (DF)Felipe
65%
4Colombia (DF)Santiago Arias
63%
24Croatia (DF)Šime Vrsaljko
55%
22Spain (DF)Mario Hermoso
47%
20Spain (MF)Vitolo
37%
17Serbia (FW)Ivan Šaponjić
33%

Score Distribution

Percentile by Number Answered

Percent of People with Each Score

Your Score History

You have not taken this quiz since the last reset